LEADER 01068nam a2200241 i 4500 001 000000218801 003 CaOOAMICUS 005 20130219000000.0 008 130219s2007 it u000 u mul u 013 $a197698 020 $a978-88-6048-008-8 040 $aSeMil$bita 100 1 $aTaddei, Mario <1972- >.$0(OLS)http://semarc/name/12904 245 12$aI robot di Leonardo da Vinci :$bla meccanica e i nuovi automi nei codici svelati /$cby Mario Taddei. 260 $aMilano :$bLeonardo 3,$c2007. 300 $a445 p. :$bill. ;$c26 cm. 650 4$aLeonardo : da Vinci <1452-1519> - Opere scientifiche.$0(OLS)http://semarc/subject/30925 850 $aSeMil 852 $aSeMil$W1$xVenegono$y1$m5P VI 31$j169172$B169172$CSeMilBibl$Z2$F183043 $81 961 $aOmaggio: Bressan don Luca 996 $6020$a978-88-6048-008-8$9(OLS)http://semarc/number/216631 996 $6245$aI robot di Leonardo da Vinci :$bla meccanica e i nuovi automi nei codici svelati$9(OLS)http://semarc/title/314047 996 $6260$aMilano :$bLeonardo 3$9(OLS)http://semarc/publisher/37669 LEADER 00964nam a2200241 i 4500 001 000000182748 003 CaOOAMICUS 005 20220530142333.0 008 091030s1955 it u000 u ita u 013 $a160709 040 $aSeMil$bita 100 1 $aMaupassant, Guy : de,$d<1850-1893>.$0(OLS)http://semarc/name/8910 240 14$aLes S?urs Rondoli.$0(OLS)http://semarc/title/440118 245 13$aLe sorelle Rondoli /$cGuy de Maupassant. 300 $a146 p. ;$c16 cm 490 1 $aBiblioteca Universale Rizzoli ;$v909.-910 773 0 $aMaupassant, Guy : de <1850-1893>$tTutte le novelle.$dMilano : Rizzoli, [19--?]$w()22313 830 0$aBiblioteca Universale Rizzoli ;$v909.-910.$0(OLS)http://semarc/title/7348 850 $aSeMil 852 $aSeMil$W1$xVenegono$y1$m1E II 39$j133452$B133452$CSeMilBibl$Z2$F145384 $81 961 $aOmaggio: Altro 996 $6245$aLe sorelle Rondoli$9(OLS)http://semarc/title/262208